The readers' advisory guide to genre fiction / (Record no. 597)

000 -LEADER
fixed length control field 01490cam a22003374a 4500
001 - CONTROL NUMBER
control field 15531854
005 - DATE AND TIME OF LATEST TRANSACTION
control field 20140116120832.0
008 - FIXED-LENGTH DATA ELEMENTS--GENERAL INFORMATION
fixed length control field 081121s2009 ilu b 001 0 eng
010 ## - LIBRARY OF CONGRESS CONTROL NUMBER
LC control number 2008051029
020 ## - INTERNATIONAL STANDARD BOOK NUMBER
International Standard Book Number 9780838909898
035 ## - SYSTEM CONTROL NUMBER
System control number (OCoLC)ocn276274699
050 00 - LIBRARY OF CONGRESS CALL NUMBER
Classification number Z711.5.S27 2009
100 1# - MAIN ENTRY--PERSONAL NAME
Personal name Saricks, Joyce G.
245 14 - TITLE STATEMENT
Title The readers' advisory guide to genre fiction /
Statement of responsibility, etc Joyce G. Saricks.
246 30 - VARYING FORM OF TITLE
Title proper/short title Genre fiction
250 ## - EDITION STATEMENT
Edition statement 2nd ed.
260 ## - PUBLICATION, DISTRIBUTION, ETC. (IMPRINT)
Place of publication, distribution, etc Chicago :
Name of publisher, distributor, etc American Library Association,
Date of publication, distribution, etc 2009.
300 ## - PHYSICAL DESCRIPTION
Extent xii, 387 p.
490 1# - SERIES STATEMENT
Series statement ALA readers' advisory series
504 ## - BIBLIOGRAPHY, ETC. NOTE
Bibliography, etc Includes bibliographical references and index.
505 0# - FORMATTED CONTENTS NOTE
Formatted contents note Understanding the appeal of genre fiction -- Adventure -- Romantic suspense -- Suspense -- Thrillers -- Gentle reads -- Horror -- Romance -- Women's lives and relationships -- Literary fiction -- Mysteries -- Psychological suspense -- Science fiction -- Fantasy -- Historical fiction -- Westerns.
650 #0 - SUBJECT ADDED ENTRY--TOPICAL TERM
Topical term or geographic name as entry element Fiction in libraries
Geographic subdivision United States.
650 #0 - SUBJECT ADDED ENTRY--TOPICAL TERM
Topical term or geographic name as entry element Readers' advisory services
Geographic subdivision United States.
650 #0 - SUBJECT ADDED ENTRY--TOPICAL TERM
Topical term or geographic name as entry element Reading interests
Geographic subdivision United States.
650 #0 - SUBJECT ADDED ENTRY--TOPICAL TERM
Topical term or geographic name as entry element Fiction genres.
650 #0 - SUBJECT ADDED ENTRY--TOPICAL TERM
Topical term or geographic name as entry element Fiction
Form subdivision Bibliography.
830 #0 - SERIES ADDED ENTRY--UNIFORM TITLE
Uniform title ALA readers' advisory series.
906 ## - LOCAL DATA ELEMENT F, LDF (RLIN)
a 7
b cbc
c orignew
d 1
e ecip
f 20
g y-gencatlg
942 ## - ADDED ENTRY ELEMENTS (KOHA)
Source of classification or shelving scheme
Item type Book
Holdings
Withdrawn status Lost status Source of classification or shelving scheme Damaged status Not for loan Home library Current library Date acquired Total Checkouts Full call number Barcode Date last seen Copy number Price effective from Koha item type
          Riara University Library Riara University Library 24/10/2011   Z711.5.S27 2009 2419/11 24/10/2011 C.1 24/10/2011 Book
          Riara University Library Riara University Library 24/10/2011   Z711.5.S27 2009 2418/11 24/10/2011 C.2 24/10/2011 Book
          Riara University Library Riara University Library 24/10/2011   Z711.5.S27 2009 2417/11 24/10/2011 C.3 24/10/2011 Book

Riara University Library,
P.O. Box 49940-00100,
Nairobi, Kenya.